TRUDY NAUČNOJ KONFERENCII PO VOPROSAM ARCHIVNOVO DELA V SSSR

Bibliographic Details
Main Author: Kartous, Peter, 1943- (Author)
Format: Article
Language:Slovak

MARC

LEADER 00000nab a2200000uu 4500
001 vtls010876949
003 SK-MaSNL
005 20260304015045.0
008 230222|1968 xo |||||||||||||||||slo|
015 |a SNBRB 
035 |a (urnnbn)urn:nbn:sk:snk:ar-005p46 
035 |a (uuid)ffe1d3a4-34e5-45a1-a271-67de0c0fb414 
035 |a urn:nbn:sk:snk-ab7lh9 
040 |a SNKBUCL  |b slo  |c SNKBUCL  |e AACR2 
041 0 |a slo 
044 |a xo  |c SK 
100 1 |a Kartous, Peter,  |d 1943-  |4 aut  |9 100853 
245 1 0 |a TRUDY NAUČNOJ KONFERENCII PO VOPROSAM ARCHIVNOVO DELA V SSSR  |c Peter Kartous 
773 0 |t Slovenská archivistika  |g Roč. 3, č. 2 (1968), s. 330-338 
954 |a odborná, vedecká literatúra pôvodná (slovenská)  |2 lita 
958 |a OND 
958 |a EUIPO 
958 |a article8 
999 |c 2589331  |d 2591261